Metallica Lyrics – #11: Fight Fire with Fire - Statistics

General Stats
  • This quiz has been taken 18 times
  • The average score is 68 of 87
Answer Stats
Answer % Correct
Ending
100%
Fight
100%
Fight
100%
Fight
100%
Fight!
100%
fire
100%
fire
100%
fire
100%
fire
100%
fire
100%
fire
100%
is
100%
is
100%
is
100%
near
100%
with
100%
with
100%
with
100%
with
100%
a
92%
shall
92%
shall
92%
the
92%
the
92%
the
92%
the
92%
The
92%
all
85%
as
85%
die
85%
Do
85%
others
85%
to
85%
to?
85%
to
85%
to
85%
you
85%
and
77%
burning
77%
coming
77%
done
77%
fast
77%
hell
77%
in
77%
like
77%
like
77%
rest
77%
short
77%
they've
77%
this
77%
Time
77%
unto
77%
us
77%
warfare
77%
We
77%
what
77%
world
77%
But
69%
fear
69%
fuse,
69%
gods
69%
into
69%
lay
69%
nothingness
69%
Nuclear
69%
of
69%
past
69%
universe
69%
are
62%
death
62%
here,
62%
laughing,
62%
said
62%
so
62%
Armageddon's
54%
Blow
54%
breath
54%
Bursting
54%
fill
54%
last
54%
our
54%
Soon
54%
your
54%
hot
46%
lungs,
46%
take
46%
winds
46%
No matching quizzes found
Score Distribution
Percent of People with Each Score
Percentile by Number Answered
Your Score History
You have not taken this quiz